000 00443nam a2200109Ia 4500
008 160909s9999 xx 000 0 und d
100 _aKneece, Molly Rebecca
245 _aBreeding and brood rearing ecology of Mottled Ducks in the Ashepoo, Combahee, and Edisto Rivers Basin, South Carolina
260 _bMississippi State University
_c2016
650 _aMARKETING MANAGEMENT
856 _uhttp://pqdtopen.proquest.com/doc/1783996022.html?FMT=ABS
999 _c304865
_d304865